[Event "3rd HoliCup Lake City 2019"]
[Site "Udaipur"]
[Date "2019.03.28"]
[Round "2"]
[White "Matta, Vinay Kumar"]
[Black "Mahajan Sanskruti"]
[Result "1/2-1/2"]
[WhiteElo "2146"]
[BlackElo "1493"]
[Annotator "TA"]
[PlyCount "209"]
[EventDate "2019.??.??"]
[EventCountry "IND"]
[SourceTitle "playchess.com"]
[Source "ChessBase"]
[SourceQuality "1"]

{[%evp 16,209,64,47,41,17,37,0,0,0,0,-12,29,0,38,25,20,21,35,-10,-10,-7,-6,-13,0,-41,0,0,0,0,83,107,80,78,77,79,86,76,75,75,77,70,91,51,51,41,51,51,51,44,58,44,68,51,52,52,57,49,49,52,87,59,67,33,57,42,56,47,57,57,64,42,57,64,65,47,57,47,47,47,119,119,119,119,119,119,150,150,430,119,119,119,119,119,119,119,119,119,119,115,115,78,78,78,78,78,78,78,78,78,78,78,78,78,78,78,78,78,78,78,160,78,160,0,140,0,78,78,78,78,78,78,78,78,78,78,78,78,78,78,78,78,78,78,78,78,78,78,78,78,78,78,78,78,61,0,78,61,61,61,61,0,78,61,79,0,40,8,72,9,175,79,72,72,72,0,72,0,0,0,0,0,0,0,0,0,0,0,0,0,46,0,0,0,33,0]} 1. e4 c6 2. Nc3 d5 3. Nf3 dxe4 4. Nxe4 Nd7 5. Bc4 e6 6. d4 Ngf6 7. Nxf6+ Nxf6 8. O-O Be7 9. Qe2 O-O {B17: Caro-Kann: Modern Line (4...Nd7)} 10. Bb3 (10. Bf4 b6 11. Rfe1 Nd5 12. Be5 Bb7 13. Rad1 Bd6 14. Bd3 Bxe5 15. dxe5 Qe7 16. Qe4 g6 17. a3 c5 18. Qg4 {½-½ (37) Guseinov,G (2659)-Arun Prasad,S (2552) Dubai 2009}) 10... Qc7 11. c4 c5 $146 {The position is equal.} ({Predecessor:} 11... h6 12. Ne5 Re8 13. Bf4 Bd6 14. Qf3 Qe7 15. Rfe1 c5 16. d5 Qc7 17. Ba4 {0-1 (30) Garcia Serrano,J (1913)-Ainsworth,G (1711) London 2016}) 12. dxc5 Bxc5 13. Bg5 Be7 14. Rad1 Bd7 15. Bc2 Rfd8 16. Ne5 Bc6 17. f4 Rxd1 18. Rxd1 Rd8 19. Rxd8+ Qxd8 20. Kf1 h6 (20... Qd4 $5 {[%cal Re7c5]} 21. Qf2 Qxf2+ 22. Kxf2 Be4 $15) 21. Bh4 Qd4 {[%mdl 64] Double Attack} 22. Qf2 Qxf2+ (22... Qd6 $11 {keeps the balance.}) 23. Bxf2 $16 a6 24. Nxc6 bxc6 {[%mdl 4096] Endgame KBB-KBN} 25. Ke2 Kf8 26. Ba4 c5 27. Bc6 Bd6 28. g3 Ke7 29. Bb7 a5 30. Bc6 Nd7 31. Be1 Bc7 32. Bc3 f6 33. Kf3 h5 34. h3 Kd6 35. Bb5 Ke7 36. g4 hxg4+ 37. hxg4 Kd6 38. b3 Nf8 39. a3 Bb6 40. Be8 Ke7 41. Bc6 Kd6 42. Ba4 Ng6 43. Be8 Nf8 44. Ke4 Ke7 45. Ba4 Ng6 46. Be1 Bc7 47. Bd2 e5 (47... Nh4 $14) 48. f5 Nf4 49. b4 axb4 50. axb4 Bd6 51. b5 Bc7 $2 (51... Kd8 $16 52. Bd1 Kc7 53. Ba5+ Kb8) 52. Bd1 $2 (52. Bxf4 $1 $18 {is the precise move to win.} exf4 53. Kd5) 52... Kd6 53. Be1 Bb6 54. Bc3 Bc7 55. Bf3 Bb6 56. Ke3 Kc7 57. g5 Kd6 58. g6 Kc7 59. Ba8 Kd6 60. Be4 Kc7 61. Bf3 Kd6 62. Ke4 Bc7 63. Bd2 Bb6 64. Be1 Bc7 65. Bg3 Bb6 66. Bh4 Bd8 67. Ke3 Kc7 (67... Ke7 $142 68. Bg3 Kd6) 68. Ba8 (68. Kd2 $142) 68... Kb8 (68... Kd7 $142 69. Bc6+ Kd6) 69. Bf3 Kc7 70. Ke4 (70. Kd2 $16) 70... Kd7 (70... Kd6 $1 $11) 71. Bg4 Kc7 72. Be1 Kd6 73. Bc3 Ke7 74. Bf3 Bc7 75. Bd2 Kd6 76. Be1 Bb6 77. Ke3 Bc7 78. Bc6 Bb6 79. Bc3 Bd8 80. Kd2 Bb6 81. Be4 Bc7 82. Kc2 Ne2 83. Bd2 {Bh6! is the strong threat.} Nf4 84. Kb3 Bb6 85. Ka4 (85. Be3 $14) 85... Kc7 (85... Ne2 $11) 86. Be1 {And now Bh4 would win.} Kd6 87. Bh4 Ke7 $1 88. Kb3 (88. Bf2 $14) 88... Bc7 (88... Bd8 $1 $11) 89. Ka3 Bd8 90. Ka4 Bb6 91. Bf2 Kd6 (91... Ne2 $1 $11 {remains equal.} 92. Kb3 Nd4+ 93. Kc3 Kd6) 92. Be3 (92. Bf3 $16) 92... Bc7 $2 {[#]} (92... Ne2 $1 $11 {and Black is okay.} 93. Kb3 Ke7) 93. Kb3 (93. b6 $1 $18 {and White stays clearly on top.} Bxb6 94. Kb5) 93... Bb6 94. Kb2 Ke7 {[#]} 95. Ka1 ({White should play} 95. Bf3 $1 $16) 95... Kd6 (95... Ne2 $1 $11) 96. Ka2 (96. Bf3 $16) 96... Ke7 97. Bf2 Kd6 98. Kb2 Ke7 99. Bh4 Bc7 100. Kb3 Bd8 101. Be1 Kd6 102. Ka4 {Hoping for Ba5.} Bb6 103. Bc3 Ne2 104. Bd2 Nf4 105. Kb3 {Accuracy: White = 41%, Black = 58%.} (105. Ba5 $5 {[%cal Ra5b6]} Kc7 106. Bf3 $16) 1/2-1/2

[Event "3rd HoliCup Lake City 2019"]
[Site "Udaipur"]
[Date "2019.03.28"]
[Round "2"]
[White "Uday Karandikar"]
[Black "Borase Manoj"]
[Result "1/2-1/2"]
[WhiteElo "2109"]
[BlackElo "1486"]
[Annotator "TA"]
[PlyCount "112"]
[EventDate "2019.??.??"]
[EventCountry "IND"]
[SourceTitle "playchess.com"]
[Source "ChessBase"]
[SourceQuality "1"]

{[%evp 16,112,8,-6,23,20,15,0,26,0,30,21,7,0,0,-14,0,0,0,0,74,81,76,30,44,40,48,39,46,13,100,84,92,85,106,94,118,72,97,35,34,32,60,55,57,60,60,53,54,54,109,54,54,54,54,54,54,54,53,53,65,54,84,84,84,84,122,122,122,38,38,38,39,38,38,38,38,38,38,38,38,38,38,38,38,38,38,38,38,38,38,38,38,38,38,38,38,26,26]} 1. e4 e6 2. d3 d5 3. Nd2 c5 4. Ngf3 Nc6 5. g3 Nf6 6. Bg2 Bd6 7. O-O O-O 8. Re1 Qc7 9. Qe2 {[#] Hoping for e5.} dxe4 {A08: King's Indian Attack} (9... Nd7 10. Nf1 dxe4 11. dxe4 b6 12. Ne3 Bb7 13. c3 Rfd8 14. b3 a6 15. Nc4 Be7 16. Bf4 e5 17. Bc1 {0-1 (49) Naroditsky,D (2619)-Sheng,J (2392) chess.com INT 2018}) 10. dxe4 {Strongly threatening e5.} e5 11. c3 h6 {The position is equal.} 12. Nc4 Be6 13. Nxd6 $146 ({Predecessor:} 13. Nh4 Bxc4 14. Qxc4 Rfe8 15. Nf5 Bf8 16. Be3 Na5 17. Qe2 {1-0 (30) Zavadil,M (2018)-Weber,T Brno 2015}) 13... Qxd6 14. Bd2 Rad8 15. Rad1 Qd3 16. Qxd3 Rxd3 17. Be3 $36 {[%mdl 2048] White is pushing.} Rfd8 (17... Rxd1 $11 {remains equal.} 18. Rxd1 Rc8) 18. Rxd3 $16 Rxd3 19. Bxc5 b6 20. Be3 Bxa2 21. Bf1 Rd6 $1 22. Bb5 Nd7 (22... Nxe4 $11 23. Bxc6 Rxc6) 23. Bxc6 Rxc6 24. Ra1 Bc4 25. Rxa7 Rd6 26. Ra1 Bb3 27. Ne1 ({White should play} 27. Ra8+ $16 Kh7 28. Nd2) 27... Nc5 $14 28. f3 Nd3 29. Nxd3 Rxd3 {[%mdl 4096] Endgame KRB-KRB} 30. Kf2 b5 31. f4 exf4 32. gxf4 Ba4 (32... Rd1 $14 33. Rxd1 Bxd1) 33. Rg1 (33. Ke2 $16 Rd7 34. e5) 33... Rd1 34. Rxd1 Bxd1 {KB-KB} 35. Bd2 Kf8 36. Ke3 Ke7 37. Kd4 Kd6 38. f5 h5 39. c4 bxc4 40. Bb4+ Kc6 41. Kxc4 g6 42. Kd4 ({Better is} 42. fxg6 $16 fxg6 43. Bd2) 42... gxf5 43. exf5 Kb5 44. Bc3 Bg4 45. Ke5 Kc4 46. Kf6 Kb3 47. Kg5 Bf3 48. h3 Bg2 49. Kh4 Bf1 50. Kg3 Bd3 51. Kf4 Bf1 52. h4 Bc4 53. Kg5 Be2 54. Kh6 Bg4 55. Be5 Be2 56. f6 Bg4 {Accuracy: White = 52%, Black = 53%.} 1/2-1/2

[Event "3rd HoliCup Lake City 2019"]
[Site "Udaipur"]
[Date "2019.03.28"]
[Round "2"]
[White "Dutta, Joydeep"]
[Black "M Tulasi Ram, Kumar"]
[Result "1-0"]
[WhiteElo "2097"]
[BlackElo "1476"]
[Annotator "NA RC"]
[PlyCount "77"]
[EventDate "2019.??.??"]
[EventCountry "IND"]
[SourceTitle "playchess.com"]
[Source "ChessBase"]
[SourceQuality "1"]
[TimeControl "5400+30"]

{[%evp 19,77,45,87,83,89,32767,32767,32767,32767,32767,32767,52,70,52,177,174,233,272,272,140,162,158,205,224,234,166,156,181,308,172,163,166,288,281,479,497,891,218,185,110,156,137,145,149,1227,1331,1288,1393,3003,1716,1715,1473,1503,1754,29989,29990,29991,29991,29993,29994]} 1. d4 d5 2. c4 c6 3. Nc3 Nf6 4. e3 e6 5. Nf3 Be7 6. Bd3 Nbd7 7. O-O dxc4 8. Bxc4 b5 9. Bd3 Bb7 10. e4 a6 {[#]} 11. e5 $1 {LiveBook: 14 Games} Nd5 12. Nxd5 cxd5 13. Qe2 {D47: Semi-Slav: Meran System} (13. Bf4 O-O 14. g3 b4 15. h4 Bc6 16. Kg2 Bb5 17. Bxb5 axb5 18. Qd3 Qb6 19. Ng5 Bxg5 20. hxg5 Rfc8 {½-½ (49) Vorobiov,E (2564)-Voigt,M (2317) Lueneburg 2018}) 13... O-O 14. Bd2 Rc8 15. Rad1 $146 ({Predecessor:} 15. Rfc1 Qb6 16. Bg5 Bxg5 17. Nxg5 h6 18. Nf3 {½-½ (18) Donner,J-Pomar Salamanca,A Havana 1969}) 15... Re8 16. Qe3 h6 {[#]} (16... b4 $14) 17. Qf4 $1 Bf8 (17... Bc6 $142 18. Rc1 Bb7) 18. Qg3 Kh8 19. Ne1 (19. Qh3 $18) 19... b4 {[#]} 20. f4 $1 a5 21. f5 exf5 22. Bxf5 ({Don't do} 22. Rxf5 Qe7) 22... Ba6 23. Rf2 Re7 $2 (23... Rc6 $16 {might work better.} 24. Qh3 Nb6) 24. Nd3 Rc4 25. Be3 Bc8 (25... Rc6 $142 26. Qf3 Nb6) 26. Rdf1 Qe8 $2 (26... Ba6 {was necessary.} 27. Nf4 Rc6 28. Nxd5 Re8) 27. Nf4 Nb6 {[#]} (27... Nxe5 $142 28. Bxc8 (28. dxe5 Bxf5 29. e6 fxe6 $17) 28... Qxc8 29. dxe5 Qc6) 28. Bxc8 $2 (28. Ng6+ $1 {[%mdl 512]} Kg8 (28... fxg6 29. Bxg6) 29. Nxe7+ Qxe7 30. Bxc8 Rxc8 31. Bxh6) 28... Rxc8 29. Nh5 (29. e6 $18 Kh7 30. Qh3) 29... Rc6 30. b3 Kh7 31. Rf3 Rc2 $2 {[#]} (31... Rb7 $16 32. Rf4 Kh8) 32. Bxh6 $1 {Back Rank} f5 33. Qh3 Qg6 {[#]} 34. Bg5 $1 Kg8 35. Bxe7 Bxe7 36. Rxf5 Rxa2 37. Nf4 Qc6 38. Rh5 Kf7 39. e6+ 1-0

[Event "3rd HoliCup Lake City 2019"]
[Site "Udaipur"]
[Date "2019.03.28"]
[Round "2"]
[White "Sudhanshu Ranjan"]
[Black "Chouhan, N.c."]
[Result "0-1"]
[WhiteElo "2056"]
[BlackElo "1473"]
[Annotator "NA RC"]
[PlyCount "120"]
[EventDate "2019.??.??"]
[EventCountry "IND"]
[SourceTitle "playchess.com"]
[Source "ChessBase"]
[SourceQuality "1"]
[TimeControl "5400+30"]

1. d4 Nf6 2. c4 g6 3. Nc3 d5 4. cxd5 Nxd5 5. e4 Nxc3 6. bxc3 Bg7 7. Bc4 c5 8. Ne2 Nc6 9. Be3 cxd4 10. cxd4 O-O 11. O-O e6 12. Rc1 Na5 13. Bd3 b6 14. Qd2 Bb7 15. Bh6 Rc8 {D88: Exchange Grünfeld: Classical Line: 10 Be3 cxd4 11 cxd4} 16. Bxg7 Kxg7 17. Rxc8 $11 (17. Rc4 $2 {[%mdl 8192]}) 17... Qxc8 (17... Bxc8 18. Qf4 Bb7 19. Rc1 Qf6 20. Rc7 Qxf4 21. Nxf4 Kg8 22. f3 Rc8 23. Rxc8+ Bxc8 24. Kf2 Kf8 25. Ke3 Ke7 26. h4 Nc6 27. a3 e5 28. Ne2 {½-½ (28) Almeida Quintana,O (2519)-Gopal,G (2548) Merida 2008}) 18. Rc1 Qd7 19. f3 $146 ({Predecessor:} 19. Rc3 Rd8 20. Bc2 Ba6 21. Bd3 Bxd3 22. Rxd3 Nc4 23. Qc1 {½-½ (85) Volosin,V (2340)-Nemeth,Z (2425) Eger 1997}) 19... Rc8 20. Rxc8 Qxc8 21. Qb2 Kg8 22. Qc3 Qxc3 23. Nxc3 a6 24. Kf2 Kf8 25. Ke3 Ke7 26. h4 h6 27. g4 b5 28. a3 g5 29. h5 f6 30. e5 (30. f4) 30... Bd5 31. f4 Nc6 32. fxg5 $18 fxg5 33. a4 bxa4 34. Nxa4 a5 35. Bc2 Nb4 36. Be4 Bb3 37. Nc3 a4 38. Kd2 a3 39. Kc1 a2 40. Kb2 Bc4 41. Ka1 Kd7 42. Kb2 Kc7 43. Ka1 Kd7 44. Kb2 Ke7 45. Ka1 Kf8 46. Kb2 Kf7 47. Ka1 Bd5 48. Nxd5 exd5 49. Bg6+ Ke6 50. Bh7 Kf7 51. Bf5 Ke7 52. Bh7 Nc6 53. Kxa2 Nxd4 54. Bg8 Nf3 55. Kb3 Nxe5 56. Bxd5 Nxg4 57. Kc3 Kf6 58. Kd4 Kf5 59. Be4+ Kf4 60. Bg6 Nf6 0-1

[Event "3rd HoliCup Lake City 2019"]
[Site "Udaipur"]
[Date "2019.03.28"]
[Round "2"]
[White "Ashutosh, Kumar"]
[Black "Hingne, Shirish"]
[Result "1-0"]
[WhiteElo "1952"]
[BlackElo "1472"]
[Annotator "NA RC"]
[PlyCount "63"]
[EventDate "2019.??.??"]
[EventCountry "IND"]
[SourceTitle "playchess.com"]
[Source "ChessBase"]
[SourceQuality "1"]
[TimeControl "5400+30"]

{[%evp 13,63,14,20,32767,32767,32767,32767,32767,32767,0,12,0,22,0,0,0,0,0,-4,-6,33,32,60,53,54,52,47,58,71,64,70,68,74,66,98,79,32767,32767,32767,32767,197,206,424,545,490,629,529,633,5285,32767,29992,2559]} 1. e4 c5 2. Nf3 g6 3. c3 Bg7 4. d4 cxd4 5. cxd4 d5 6. e5 Nh6 {B27: Sicilian: 2 Nf3, unusual Black 2nd moves} (6... Nc6 7. Bb5 Nh6 8. O-O O-O 9. h3 f6 10. exf6 exf6 11. Nc3 Nf7 12. Re1 Qd6 13. Be3 Bf5 14. Rc1 Rac8 {0-1 (46) Grischuk,A (2772)-Mamedov,R (2709) Huaian 2017}) 7. h3 O-O 8. Be2 f6 9. O-O Nc6 10. Nc3 e6 $146 ({Predecessor:} 10... fxe5 11. Bxh6 Bxh6 12. Nxe5 Nxe5 13. dxe5 e6 14. Bg4 {½-½ (35) Ditiatev,S (2257)-Uryupin,I (2286) Kaluga 2012}) 11. exf6 Qxf6 12. Bg5 Qf7 $1 13. g4 Qd7 14. Bh4 Nf7 15. Bg3 Nd6 16. Ne5 Nxe5 17. dxe5 Nc4 18. Bxc4 dxc4 19. Qe2 Qc6 20. Rad1 b5 21. Rd6 Qe8 22. a4 a6 23. Rb6 Bd7 24. Rd1 Bc6 25. Rd6 Bf3 26. Qe3 b4 (26... Ra7 $16) 27. Rxe6 Qxe6 $2 (27... Qc8) 28. Rxe6 bxc3 29. bxc3 Rab8 30. Rb6 Rfd8 $2 (30... Rbd8 31. Rd6 Rb8) 31. Rxb8 Rf8 32. Rb1 $18 (32. Rxf8+ $142 Kxf8 33. Qxf3+ Ke7 34. Qb7+ Ke6 35. Qc8+ Kf7 36. e6+ Kf6 37. Qd7 Bh8 38. Qf7+ Kg5 39. Qf4#) 1-0

[Event "3rd HoliCup Lake City 2019"]
[Site "Udaipur"]
[Date "2019.03.28"]
[Round "2"]
[White "Vashishtha Ankesh"]
[Black "Das, Sayantan"]
[Result "0-1"]
[WhiteElo "1528"]
[BlackElo "2435"]
[Annotator "TA"]
[PlyCount "74"]
[EventDate "2019.??.??"]
[EventCountry "IND"]
[SourceTitle "playchess.com"]
[Source "ChessBase"]
[SourceQuality "1"]

{[%evp 20,74,0,0,0,0,0,0,0,0,0,-39,-42,-91,-96,-106,-91,-94,-95,-90,-83,-90,-70,-85,-89,-98,-95,-153,-163,-250,-237,-324,-267,-301,-302,-294,-309,-316,-316,-308,-269,-299,-288,-402,-348,-478,-323,-1668,-1668,-1572,-1521,-1289,-1281,-1281,-1266,-1252,-1210]} 1. e4 e6 2. d4 d5 3. e5 c5 4. c3 Nc6 5. Nf3 Qb6 6. a3 Nge7 7. b4 cxd4 8. cxd4 Nf5 9. Bb2 Bd7 10. g4 Nfe7 11. Nc3 Ng6 {C02: French: Advance Variation} (11... Na5 12. Nd2 Rc8 13. Na4 Qc6 14. b5 Qc7 15. Rc1 Qd8 16. Nc5 Ng6 17. Nxd7 Qxd7 18. h4 Be7 19. h5 {½-½ (41) Areshchenko,A (2709)-Romanov,E (2640) Legnica 2013}) 12. h4 h5 $1 {[%cal Rh5g4]} 13. Na4 Qd8 {The position is equal.} 14. g5 Rc8 15. Nc5 Bxc5 16. bxc5 $146 ({Predecessor:} 16. dxc5 Qc7 17. Qe2 O-O 18. Qe3 d4 19. Nxd4 Ncxe5 {0-1 (39) Rellstab,L-Unzicker,W Bad Pyrmont 1950}) 16... b6 17. Rc1 bxc5 18. Rxc5 Qb6 19. Rb5 Qc7 $1 20. Rc5 O-O 21. Bc3 Qb6 {Strongly threatening ...Nxd4!} 22. Rb5 {[#]} Qd8 $1 {And now ...Ncxe5 would win.} 23. Rc5 {[#]} ({White should try} 23. Bd2) 23... Qe7 $1 $17 24. Ba6 {[#]} (24. Bb5 {keeps fighting.}) 24... Nxd4 $1 $19 {[%mdl 512]} 25. Bxc8 (25. Bxd4 Rxc5) 25... Qxc5 {[%mdl 64] Double Attack} 26. Bxd4 Qxc8 27. O-O Qa6 28. Qb3 Bb5 29. Rc1 Bc4 30. Qb4 Be2 31. Nd2 Bg4 32. f3 Qe2 33. fxg4 $2 (33. Bf2 Nxe5 34. Re1 Nxf3+ 35. Nxf3 Qxf3 36. Qd6) 33... Nf4 {[%csl Gf4][%cal Re2g2][%mdl 64] Zwischenzug. Black is clearly winning.} 34. Bf2 Qxg4+ 35. Kf1 Qe2+ 36. Kg1 Nh3+ 37. Kg2 Nxf2 {Accuracy: White = 41%, Black = 97%.} 0-1

[Event "3rd HoliCup Lake City 2019"]
[Site "Udaipur"]
[Date "2019.03.28"]
[Round "2"]
[White "Jaiveer Mahendru"]
[Black "Harikrishnan.A.Ra"]
[Result "0-1"]
[WhiteElo "1519"]
[BlackElo "2413"]
[Annotator "TA"]
[PlyCount "56"]
[EventDate "2019.??.??"]
[EventCountry "IND"]
[SourceTitle "playchess.com"]
[Source "ChessBase"]
[SourceQuality "1"]

{[%evp 9,56,88,106,106,119,68,71,76,74,79,105,26,28,0,0,0,0,-49,-52,-65,-59,-102,-58,-81,-77,-130,-139,-141,-67,-63,-54,-52,-40,-100,-100,-95,-89,-108,-113,-116,-106,-123,-87,-161,-113,-29994,-29995,-29995,-29996]} 1. e4 Nf6 2. e5 Ng8 3. d4 d6 4. Nf3 Bg4 5. h3 Bxf3 (5... Bh5 6. e6 fxe6 7. g4 Bg6 8. Ng5 Qd7 9. Qe2 e5 10. d5 Nf6 11. Bg2 h6 12. Ne6 c6 {1-0 (31) Kotronias,V (2611)-Sandipan,C (2585) Gausdal 2008}) 6. Qxf3 {B02: Alekhine's Defence: Chase Variation and lines with early Nc3} ({Of course not} 6. gxf3 dxe5 7. dxe5 Qxd1+ 8. Kxd1 Nc6 $11) 6... d5 $146 ({Predecessor:} 6... c6 7. Bf4 g6 8. exd6 exd6 9. Nd2 Bg7 10. Ne4 Qd7 11. Nxd6+ Kf8 12. Bc4 f6 13. O-O-O Nh6 14. Qa3 {1-0 (14) Cotura Vidal,L (1886)-Roncea,I (1748) ICCF email 2013}) 7. Bd3 (7. Qb3 $16) 7... e6 $14 8. O-O {White is better.} c5 9. dxc5 Nc6 10. Bb5 (10. Qe3 $16) 10... Bxc5 $11 11. c4 (11. Qg3 {seems wilder.} Nge7 12. Qxg7 Ng6 13. c4 a6 14. Bxc6+ bxc6 15. Qh6) 11... Nge7 12. Nc3 O-O 13. Bxc6 bxc6 ({But not} 13... Nxc6 $6 14. cxd5 exd5 15. Rd1 $11) 14. Bg5 h6 15. Bh4 Qc7 16. Bg3 Bd4 17. Rfe1 ({White should play} 17. cxd5 cxd5 18. Nb5) 17... Rab8 $17 18. Qd3 Bxc3 (18... Nf5 $17 19. cxd5 cxd5) 19. Qxc3 $15 Qb6 20. b3 Nf5 21. Rac1 (21. Bf4 $15) 21... dxc4 $17 22. bxc4 Qb2 23. Rc2 Qxc3 24. Rxc3 Rb2 25. a3 Rfb8 26. Rd1 (26. Bf4 $17 {is a better defense.}) 26... Re2 27. Rd7 $2 {[%mdl 8192] [#]} (27. Bf4 $17) 27... Rb1+ 28. Kh2 Ree1 {Accuracy: White = 21%, Black = 67%.} 0-1

[Event "3rd HoliCup Lake City 2019"]
[Site "Udaipur"]
[Date "2019.03.28"]
[Round "2"]
[White "Panigrahi Ajay"]
[Black "Sauravh, Khherdekar"]
[Result "1/2-1/2"]
[WhiteElo "1512"]
[BlackElo "2272"]
[Annotator "TA"]
[PlyCount "79"]
[EventDate "2019.??.??"]
[EventCountry "IND"]
[SourceTitle "playchess.com"]
[Source "ChessBase"]
[SourceQuality "1"]

{[%evp 21,79,0,15,4,10,3,31,19,32,16,17,18,33,38,86,84,86,78,85,81,120,17,10,8,52,30,84,3,34,0,14,17,33,10,12,0,0,0,0,0,0,0,0,-5,0,0,0,0,0,0,0,0,0,0,39,0,0,0,0,0]} 1. c4 e6 2. e4 c5 3. Nc3 Nc6 4. g3 g6 5. Bg2 Bg7 6. Nge2 Nge7 7. O-O O-O 8. d3 d6 9. Be3 Nd4 10. Qd2 Rb8 11. Bh6 a6 12. Bxg7 {A36: Symmetrical English vs ...g6: 4 Bg2 Bg7} Kxg7 13. f4 (13. b4 b5 14. cxb5 axb5 15. Rfc1 Nec6 16. Nxd4 Nxd4 17. Ne2 Nxe2+ 18. Qxe2 cxb4 19. Qb2+ e5 {½-½ (27) Miezis,N (2534)-Novik,M (2462) Finland 2011}) 13... Nxe2+ $146 ({Predecessor:} 13... Nec6 14. Nc1 Nb5 15. N1e2 Nxc3 16. Nxc3 Nd4 17. e5 f5 18. exf6+ Qxf6 19. Ne4 Qe7 {0-1 (60) Laylo,D (2383)-Bitoon,R (2432) Quezon City 2001}) 14. Nxe2 {White is slightly better.} e5 15. f5 {[#] And now f6+ would win.} f6 {[%cal Rg6f5]} 16. g4 g5 17. h4 h6 18. Kf2 Bd7 19. Rh1 Nc6 20. Rh3 Qa5 {[#]} 21. Qxa5 (21. Nc3 $1 $16) 21... Nxa5 $11 22. hxg5 fxg5 23. Rah1 Rf6 (23... Rh8 $11) 24. Ng1 ({White should play} 24. Nc3 $16) 24... Be8 25. Ne2 Nc6 26. Nc3 {Nd5 is the strong threat.} Bf7 27. a4 Nd4 28. Ke3 (28. Re3 {keeps more tension.} b5 29. axb5 axb5 30. cxb5 Nxb5 31. Nxb5 Rxb5 32. Re2) 28... b5 29. axb5 axb5 30. Nxb5 Nxb5 31. cxb5 Rxb5 32. Ra1 Rxb2 33. Bf3 Ba2 34. Rg3 Rf8 35. Rg2 Rxg2 36. Bxg2 Ra8 37. Bf3 Ra3 38. Be2 {[%mdl 1024] White has compensation.} c4 39. Kd2 c3+ 40. Kc1 {Accuracy: White = 46%, Black = 35%.} 1/2-1/2

[Event "3rd HoliCup Lake City 2019"]
[Site "Udaipur"]
[Date "2019.03.28"]
[Round "2"]
[White "Akshit Jha"]
[Black "Manigandan, S S"]
[Result "0-1"]
[WhiteElo "1508"]
[BlackElo "2157"]
[Annotator "TA"]
[PlyCount "94"]
[EventDate "2019.??.??"]
[EventCountry "IND"]
[SourceTitle "playchess.com"]
[Source "ChessBase"]
[SourceQuality "1"]

{[%evp 13,94,-7,-4,-24,-24,-30,-19,-23,-23,-33,-29,-26,-27,-30,-33,-24,-26,-40,-11,-16,-14,-17,-17,-49,-17,-18,-12,-16,-9,-9,-9,-10,-9,-13,0,0,0,0,0,0,0,0,0,0,0,0,0,0,16,0,0,0,6,18,20,19,27,27,30,-6,-20,-70,-74,-75,-72,-69,-68,-246,-256,-264,-256,-254,-249,-256,-245,-339,-287,-645,-623,-596,-595,-498,-493]} 1. e4 c5 2. Nf3 e6 3. c4 Nc6 4. Nc3 Nf6 5. a3 d5 6. cxd5 {A34: Symmetrical English: 2 Nc3, lines with ...d5} exd5 7. exd5 (7. e5 Ne4 8. Bb5 Be7 9. Qa4 Nxc3 10. dxc3 Bd7 11. Bxc6 Bxc6 12. Qg4 g6 13. Bh6 {0-1 (71) Kortschnoj,V (2598)-Ponomariov,R (2719) Odessa 2008}) 7... Nxd5 {LiveBook: 3 Games} 8. Bb5 {The position is equal.} Be7 9. O-O O-O 10. Bxc6 $146 ({Predecessor:} 10. Re1 Be6 11. Ne4 Rc8 12. Bxc6 Rxc6 13. d4 {½-½ (22) Pang,Y-Muniz Pardino,A (2097) Hong Kong 2014}) 10... bxc6 11. d4 cxd4 12. Nxd5 Qxd5 13. Qxd4 Qxd4 14. Nxd4 c5 15. Nb5 a6 16. Nc3 Rb8 17. Re1 Be6 18. Re2 Rb3 19. Be3 c4 20. Ne4 Rfb8 21. Bd4 Rd3 22. Bc3 h6 23. h3 Bd5 24. Ng3 Bf8 25. Nf5 Be6 26. Nd4 Bd7 27. Nf3 Be6 28. Ne5 Rd6 29. Re4 Rc8 30. Rae1 Rb6 31. Rd1 Rb3 32. Re3 Be7 33. Nf3 Bc5 34. Nd4 Rd8 35. Re5 Bxa3 36. Rd2 {[#]} (36. Ree1 $5 {[%cal Rd4b3]} Rxd4 37. Bxd4 Bxb2 38. Bxb2 Rxb2 39. Re3 $11) 36... Bxb2 $1 {[%mdl 512]} 37. Nxb3 (37. Bxb2 c3) 37... Rxd2 38. Nxd2 Bxc3 $11 {[%mdl 4096] Endgame KRN-KB} 39. Re2 Ba1 {aiming for ...c3.} 40. Nb1 $2 {[#]} (40. Ne4 $1 $15) 40... c3 $1 $19 41. Rc2 Bf5 42. Rxc3 Bxc3 43. Nxc3 {KB-KN} Kf8 44. Nd5 a5 {[%cal Ba6a5,Ba5a4,Ba4a3][%mdl 32]} 45. Kf1 $2 (45. Nc3) 45... a4 {Black is clearly winning.} 46. Ke2 a3 {And now ...a2 would win.} 47. Nb4 Bb1 {Precision: White = 54%, Black = 72%.} 0-1

[Event "3rd HoliCup Lake City 2019"]
[Site "Udaipur"]
[Date "2019.03.28"]
[Round "2"]
[White "Adalja Vanssh A"]
[Black "Joshi, Govind Ballabh"]
[Result "*"]
[WhiteElo "1502"]
[BlackElo "2128"]
[Annotator "TA"]
[PlyCount "60"]
[EventDate "2019.??.??"]
[EventCountry "IND"]
[SourceTitle "playchess.com"]
[Source "ChessBase"]
[SourceQuality "1"]

{[%evp 11,60,16,21,11,29,29,21,1,15,-18,-16,-32,-10,-57,-18,-23,-25,-21,-21,-29,6,0,6,0,21,10,40,0,0,-191,0,0,93,89,89,94,82,48,135,129,206,186,213,188,220,195,224,135,161,120,1641]} 1. e4 e5 2. Nf3 Nc6 3. Bc4 Bc5 4. c3 Nf6 5. d3 d6 6. h3 a6 7. a4 {C54: Giuoco Piano: 4 c3 Nf6, main lines with 5 d4 and 5 d3} O-O 8. O-O Ba7 (8... Be6 9. Bxe6 fxe6 10. b4 Ba7 11. Re1 Qd7 12. Be3 Bxe3 13. Rxe3 Ne7 14. Nbd2 Ng6 15. Nf1 h6 {½-½ (31) So,W (2780)-Nakamura,H (2777) chess.com INT 2018}) 9. Na3 {The position is equal.} Ne7 10. Nc2 Ng6 11. Be3 c6 $146 ({Predecessor:} 11... Bxe3 12. Nxe3 Nf4 13. Kh2 c6 14. Bb3 h6 15. Ng1 d5 {½-½ (55) Rattinger,T (1936)-Matosec,T (2117) Austria 2017}) 12. Qe2 Nh5 13. Bxa7 Rxa7 14. Qe3 Ra8 15. d4 Nhf4 16. dxe5 dxe5 17. Rfd1 $36 {[%mdl 2048] White has some pressure.} Qf6 18. Bf1 Be6 19. Rd6 Rad8 20. Rad1 $2 {[#]} (20. Rxd8 $11 Rxd8 21. Nce1) 20... Rxd6 $2 (20... Nd5 $1 $19 {[%cal Rd5e3][%mdl 512]} 21. Qc5 (21. exd5 Rxd6) 21... Qe7 22. exd5 Rxd6 23. Nxe5 Rxd5 24. Qxe7 Nxe7 25. Rxd5 Nxd5) 21. Rxd6 $11 Ne7 (21... h6 $11) 22. g3 $16 Nc8 {[#]} 23. Rd2 $1 Ng6 24. Nce1 a5 (24... Qe7 $14) 25. Qc5 Rd8 (25... b6 $16 26. Qxc6 Rd8) 26. Qxa5 $18 Rxd2 27. Nxd2 Qe7 28. Qa8 h6 29. Nc4 Kh7 30. Qa5 Qd8 $2 {[%mdl 8192] Accuracy: White = 46%, Black = 27%.} (30... Nd6 $16) *